00753nam a2200181Ia 4500001000700000003000500007008004100012010001100053040000900064100003300073245022700106260004100333300001000374502007500384650003900459650003800498650003500536Z_5646CHAP220113s2008 xx 000 0 und d a168746 cCHAP aRamírez Santiago, Leonidas aImpacto de la asistencia técnica en la eficiencia de producción de bovinos para carne en confinamiento en Belem municipio de Otumba, estado de México /cLeonidas Ramírez Santiago y José Luis Rodríguez Falcón aChapingo, Méx. :bEl autor,c2008 a51 h. aTesis (Ing. Agr. Esp. en Zootecnia) -- UACH. Departamento de Zootecnia aGallinaza en alimentación animal aGanado de carnexMéxico (Edo.)  aGanado de carnexProducción